Κατάλογος Βιβλιοθηκών Mediterranean College

Εισαγωγή στις Γνωστικές Λειτουργίες / Γνωστική Ψυχολογία 2 - Γνωστικές Λειτουργίες: Δ' 'Εκδοση (Record no. 187)

MARC details
000 -LEADER
fixed length control field 01198cam a22002054a 4500
005 - ΗΜΕΡΟΜΗΝΙΑ ΚΑΙ ΩΡΑ ΤΕΛΕΥΤΑΙΑΣ ΕΝΗΜΕΡΩΣΗΣ
Πεδίο ελέγχου 20250605163927.0
008 - FIXED-LENGTH DATA ELEMENTS--GENERAL INFORMATION
Πεδίο ελέγχου σταθερού μήκους 250528s ||||||||||||||||||||||||d
035 ## - SYSTEM CONTROL NUMBER
System control number 14563
020 ## - ISBN
ISBN 9607019687
040 ## - ΠΗΓΗ ΚΑΤΑΛΟΓΟΓΡΑΦΗΣΗΣ
Φορέας πρωτότυπης καταλογογράφησης MC Athens Campus Library
Γλώσσα καταλογογράφησης Ελληνικά, Μοντέρνα (1453-)
Modifying agency MC Athens Campus Library
Κανόνες περιγραφικής καταλογογράφησης AACR2
245 1# - ΤΙΤΛΟΣ ΚΑΙ ΔΗΛΩΣΗ ΥΠΕΥΘΥΝΟΤΗΤΑΣ
Τίτλος Εισαγωγή στις Γνωστικές Λειτουργίες / Γνωστική Ψυχολογία 2 - Γνωστικές Λειτουργίες: Δ' 'Εκδοση
250 ## - EDITION STATEMENT
Edition statement
260 ## - PUBLICATION, DISTRIBUTION, ETC.
Name of publisher, distributor, etc. Ελληνικά Γράμματα,
Date of publication, distribution, etc. 1994
300 ## - PHYSICAL DESCRIPTION
Extent 40
520 ## - SUMMARY, ETC.
Summary, etc. Το παρόν βιβλίο είναι το τέταρτο από τα έξι τεύχη της ομάδας βιβλίων για τις Γνωστικές Λειτουργίες. Τι Είναι οι Γνωστικές Λειτουργίες;, Αντίληψη, Προσοχή, Σκέψη, Μνήμη, Γλώσσα, Παράγοντες που Επηρεάζουν τη Γνώση, Γενικές Παραπομπές, Ειδικές Παραπομπές, Ευρετήριο Όρων, Απαντήσεις στις Ερωτήσεις Αυτο-Αξιολόγησης.
700 1# - ΠΡΟΣΘΕΤΗ ΑΝΑΓΡΑΦΗ--ΦΥΣΙΚΟ ΠΡΟΣΩΠΟ
Personal name Hayes Nicky
9 (RLIN) 87
942 ## - ADDED ENTRY ELEMENTS (KOHA)
Koha item type Books
Holdings
Τύπος τεκμηρίου Βιβλιοθήκη Τρέχουσα τοποθεσία Barcode Αριθμός εισαγωγής Ημερομηνία απόκτησης Ταξιθετικό σύμβολο Αριθμός αντιτύπου Κατάσταση απόσυρσης Κατάσταση χαμένου Κατάσταση κατεστραμμένου Μη δανεισμός Σύνολο δανεισμών Σύνολο ανανεώσεων Ημερομηνία τελευταίας εμφάνισης Χρονολογία τελευταίου δανεισμού Η τιμή ισχύει από
Books MC Athens Campus Library MC Athens Campus Library 9780000001863 2146 05/06/2025 153 ΗΑΥ 3         2 2 16/12/2025 13/11/2025 05/06/2025

MC Athens Campus Library
Πατησίων 94 & Κοδριγκτώνος 13, 104 34
Πελλήνης 8 & Πατησίων 107, 112 51
Τ: +30 210 8899600

MC Thessaloniki Campus Library
Ίωνος Δραγούμη 21, 54625 | Ίωνος Δραγούμη 15, 54625
Τ: +30 2310 287779 – Τ: +30 2314 440300